| 000 | 00517nam a2200229Ia 4500 | ||
|---|---|---|---|
| 003 | IT-RoPAU | ||
| 005 | 20220918175529.0 | ||
| 008 | 120407s9999 xx 000 0 und d | ||
| 040 | _aIT-RoPAU | ||
| 040 | _cIT-RoPAU | ||
| 041 | _afra | ||
| 100 |
_aGelin Albert _934751 |
||
| 100 |
_cpss _934752 |
||
| 245 | _aLa Sainte Bible. (Pirot) T. III: Josué. T. XII Apocalypse. | ||
| 250 | _aParis | ||
| 260 | _aLetouzey | ||
| 260 | _c1949 | ||
| 300 | _c22 cm | ||
| 490 | _v1 | ||
| 942 |
_cBK _2ddc |
||
| 999 |
_c17270 _d17270 |
||